| 000 | 02056nam0a2200385 4500 | ||
|---|---|---|---|
| 001 | RU\NLR\bibl\1013296 | ||
| 005 | 20250614232106.0 | ||
| 010 |
_a5-98923-063-X _95000 |
||
| 021 |
_aRU _b2006-61614 _93069 |
||
| 035 | _a(nilc)RSL-KNO-002954276 | ||
| 035 | _a(NLR Aleph) 001000910 | ||
| 090 |
_a578055 _c578055 |
||
| 100 | _a20061009d2006 |||y0rusy50 ca | ||
| 101 | 0 | _arus | |
| 102 | _aRU | ||
| 105 | _ay ||||||||| | ||
| 106 | _ar | ||
| 200 | 1 |
_aПутешествие на планету знаний _eорганизация досуговой деятельности мл. школьников: основные аспекты, сценарии мероприятий _e1-4 классы _fС. М. Курганский |
|
| 210 |
_aМосква _c5 за знания _d2006 _eСмоленск _gСмоленская обл. тип. им. В.И. Смирнова |
||
| 215 |
_a189, [1] с. _d21 |
||
| 225 | 1 | _aМетодкнига | |
| 225 | 1 | _aКлассному руководителю | |
| 320 | _aБиблиогр.: с. 186-189 | ||
| 606 | 1 |
_aНачальные школы _xПреподавание _xИгровые методы _92303532 _3RU\NLR\auth\661378979 |
|
| 610 | 0 | _aКультура. Наука. Просвещение -- Народное образование. Педагогические науки -- Общеобразовательная школа. Школьная педагогика -- Школьная педагогика -- Российская Федерация -- Воспитание -- Внеучебная работа -- Отдельные виды внеучебной работы -- Организация отдыха и досуга | |
| 686 |
_aЧ421,6(2)385.8,0 _2rubbk |
||
| 686 | _aЧ421.2,01 | ||
| 700 | 1 |
_aКурганский _bС. М. _gСергей Михайлович _4070 |
|
| 801 | 0 |
_aRU _bРКП _c20061009 _grpk |
|
| 801 | 1 |
_aRU _bРГБ _c20061009 |
|
| 801 | 2 |
_aRU _bNLR _c20061124 _grcr |
|
| 830 | _aАвт. по кн | ||
| 942 | _cBOOK | ||
| 980 | _aNB | ||